000 00824nam a2200265Ia 4500
003 OSt
005 20220928131319.0
006 a|||||r|||| 00| 0
007 ta
008 220927b |||||||| |||| 00| 0 eng d
020 _c1440
024 _a119011
037 _b074, 19/08/2013, N.R.Book Distributors
_cTextual
040 _aSDCL
_cSDCL
_beng
041 _2eng
_aeng
082 _aI 9 X, Q1
100 _aShekhawat Mahipal Singh
_9477714
245 0 _aPlant biotechnology
_b In vitro principles,techniques and applications.
260 _aChennai
_bMJP Publishers
_c2011
300 _axxiv,528p
_ccm.
650 _aGenetics
700 _a Vikrant
_9477715
942 _hI 9 X, Q1
_cTEXL
_2CC
999 _c790205
_d790205